Vista normal
Vista MARC
Entrada Personal Name
Número de registros utilizados en: 3
001 - CONTROL NUMBER
- control field: 32
003 - CONTROL NUMBER IDENTIFIER
- control field: DO-SdBNP
005 - DATE AND TIME OF LATEST TRANSACTION
- control field: 20160819101849.0
008 - FIXED-LENGTH DATA ELEMENTS
- fixed length control field: 160819|| aca||aabn | a|a d
040 ## - CATALOGING SOURCE
- Original cataloging agency: BPMSU
- Language of cataloging: spa
- Transcribing agency: BPMSU
100 1# - HEADING--PERSONAL NAME
- Personal name: Grass, Günter,
- Dates associated with a name: 1927-2015
670 ## - SOURCE DATA FOUND
- Source citation: Pelando la cebolla, 2008
- Information found: p. 2 Günter Grass (Danzig,1927)